| 000 | 00783cam a2200265 4500500 | ||
|---|---|---|---|
| 005 | 20260405003627.0 | ||
| 041 | _afre | ||
| 042 | _adc | ||
| 100 | 1 | 0 |
_ade Oliveira, Victorine _eauthor |
| 245 | 0 | 0 | _a“Le pragmatisme” de William James. Une pensée à hauteur d’homme |
| 260 | _c2023. | ||
| 500 | _a80 | ||
| 690 | _aEmpirisme | ||
| 690 | _aEnquête | ||
| 690 | _aÉtats-Unis | ||
| 690 | _aExpérience | ||
| 690 | _aMorale | ||
| 690 | _aPerfectionnisme moral | ||
| 690 | _aPragmatisme | ||
| 690 | _aReligion | ||
| 690 | _aVérité | ||
| 690 | _aWilliam James | ||
| 786 | 0 | _nPhilosophie magazine | 166 | 1 | 2023-02-01 | p. 36-38 | 1951-1787 | |
| 856 | 4 | 1 | _uhttps://shs.cairn.info/magazine-philosophie-magazine-2023-1-page-36?lang=fr&redirect-ssocas=7080 |
| 999 |
_c2069413 _d2069413 |
||